000 00318nam a2200145Ia 4500
100 _aGhildyal/C.D/ Balkrishna/S
490 _v1
942 _cBK
654 _anumerical
245 _aNumerical Analysis
260 _bMacmillan India Ltd.
_aDelhi
_c1985
082 _a519.4
_bGHI
300 _a144
546 _aENGLISH
999 _c20760
_d20760